[Event "25th European Teams Women"]
[Site "Batumi GEO"]
[Date "2025.10.12"]
[Round "7.9"]
[Board "4"]
[White "Duson, Robin"]
[Black "Olde, Grete"]
[Result "1-0"]
[BlackTitle "WCM"]
[WhiteElo "2188"]
[BlackElo "1972"]
[WhiteTeam "Netherlands"]
[BlackTeam "Estonia"]
[WhiteFideId "1055038"]
[BlackFideId "4503104"]
[EventDate "2025.10.05"]

1. d4 Nf6 2. c4 e6 3. Nc3 Bb4 4. e3 O-O 5. a3 Bxc3+ 6. bxc3 d5 7. cxd5 exd5 8.
Bd3 b6 9. Ne2 c5 10. O-O Ba6 11. f3 Bxd3 12. Qxd3 Nc6 13. e4 Re8 14. e5 Nd7 15.
f4 Na5 16. Ra2 Rc8 17. f5 Qh4 18. f6 gxf6 19. Qf5 Nf8 20. Nf4 Rcd8 21. Nh5 Nd7
22. Re2 Nc6 23. g3 Nxd4 24. cxd4 Qxd4+ 25. Kg2 Qc4 26. Ree1 Re6 27. Bh6 Rde8 28.
Rf4 Qa2+ 29. Kh3 Nxe5 30. Nxf6+ Rxf6 31. Qxf6 1-0

[Event "25th European Teams Women"]
[Site "Batumi GEO"]
[Date "2025.10.12"]
[Round "7.10"]
[Board "1"]
[White "Brunello, Marina"]
[Black "Unuk, Laura"]
[Result "0-1"]
[WhiteTitle "IM"]
[BlackTitle "IM"]
[WhiteElo "2287"]
[BlackElo "2317"]
[WhiteTeam "Italy"]
[BlackTeam "Slovenia"]
[WhiteFideId "822590"]
[BlackFideId "14609215"]
[EventDate "2025.10.05"]

1. e4 e6 2. d4 d5 3. e5 c5 4. c3 Nc6 5. Nf3 Bd7 6. Be2 Nge7 7. O-O Ng6 8. g3
cxd4 9. cxd4 f6 10. exf6 Qxf6 11. Nc3 Bd6 12. Bg5 Qf5 13. Be3 O-O 14. Ng5 h6 15.
Bd3 Qf6 16. Nge4 dxe4 17. Nxe4 Qe7 18. Nxd6 Nh4 19. Ne4 Nf3+ 20. Kg2 Ncxd4 21.
Bxd4 Nxd4 22. Bc4 Nf5 23. Qg4 b5 24. Bb3 Bc6 25. Rad1 Kh8 26. Rfe1 Rad8 27. Rxd8
Qxd8 28. Kg1 Nd4 29. Re3 e5 30. h4 Bxe4 31. Qxe4 Qf6 32. Qg2 Nf3+ 33. Kh1 Qc6
34. Rd3 e4 35. Rd1 a5 36. Qf1 a4 37. Bd5 Qc2 38. b4 e3 39. Bxf3 Rxf3 40. Rc1 Qe4
41. Qg2 exf2 42. Rf1 a3 43. Kh2 Qe2 44. Kh3 Rf8 0-1

[Event "25th European Teams Women"]
[Site "Batumi GEO"]
[Date "2025.10.12"]
[Round "7.10"]
[Board "2"]
[White "Urh, Zala"]
[Black "Zimina, Olga"]
[Result "0-1"]
[WhiteTitle "WIM"]
[BlackTitle "IM"]
[WhiteElo "2252"]
[BlackElo "2274"]
[WhiteTeam "Slovenia"]
[BlackTeam "Italy"]
[WhiteFideId "14611481"]
[BlackFideId "4132190"]
[EventDate "2025.10.05"]

1. d4 d5 2. c4 c6 3. Nf3 Nf6 4. g3 dxc4 5. Bg2 b5 6. Ne5 Bb7 7. O-O e6 8. b3
cxb3 9. axb3 Nbd7 10. Nxc6 Qb6 11. Ne5 Nxe5 12. dxe5 Bxg2 13. Kxg2 Ng4 14. Bf4
Rd8 15. Qe1 Bc5 16. e3 Qb7+ 17. f3 Rd3 18. e4 Bd4 19. Ra5 Nxe5 20. Qb4 a6 21.
Rc1 Kd7 22. Ra2 Rc8 23. Rac2 Rxc2+ 24. Rxc2 Qb8 25. Qe1 f6 26. Nd2 g5 27. Bxe5
Bxe5 28. Qc1 Qd6 29. Kh3 h5 30. Nf1 Rxf3 31. Ne3 Bd4 32. Nd1 Rd3 33. b4 h4 34.
Rg2 hxg3 35. hxg3 Qe5 36. Qc2 Qxe4 37. Kh2 Qf3 0-1

[Event "25th European Teams Women"]
[Site "Batumi GEO"]
[Date "2025.10.12"]
[Round "7.10"]
[Board "3"]
[White "Gueci, Tea"]
[Black "Shpanko, Nadiia"]
[Result "1/2-1/2"]
[WhiteTitle "WIM"]
[BlackTitle "WIM"]
[WhiteElo "2175"]
[BlackElo "2174"]
[WhiteTeam "Italy"]
[BlackTeam "Slovenia"]
[WhiteFideId "872342"]
[BlackFideId "14132400"]
[EventDate "2025.10.05"]

1. e4 d6 2. d4 Nf6 3. Nc3 e5 4. Nf3 Nbd7 5. Bc4 Be7 6. O-O O-O 7. Re1 c6 8. a4
h6 9. Ba2 Re8 10. h3 Bf8 11. Be3 exd4 12. Bxd4 b6 13. Qd3 Qc7 14. Nh4 Ne5 15.
Qf1 Be6 16. f4 Bxa2 17. fxe5 dxe5 18. Be3 Be6 19. Bxh6 gxh6 20. Qxf6 Qd8 21.
Qxd8 Raxd8 22. Red1 Bc5+ 23. Kh1 Bf2 24. Nf3 Bd4 25. Nxd4 exd4 26. Ne2 c5 27.
Ng3 Bc8 28. Ra3 Bb7 29. Re1 Re6 30. Rf3 Rf8 31. Rf4 Rfe8 32. Nh5 R8e7 33. Nf6+
Kg7 34. Nh5+ Kg8 35. Nf6+ Kh8 36. h4 Kg7 37. Nh5+ Kg6 38. Ng3 h5 39. Nf5 Re8 40.
Ng3 Bc6 41. b3 a6 42. Kh2 R8e7 43. Nf5 Re8 44. Ng3 R8e7 45. Nf5 Re8 1/2-1/2

[Event "25th European Teams Women"]
[Site "Batumi GEO"]
[Date "2025.10.12"]
[Round "7.10"]
[Board "4"]
[White "Mihelic, Vesna"]
[Black "Zito, Enrica"]
[Result "1-0"]
[WhiteTitle "WFM"]
[BlackTitle "WFM"]
[WhiteElo "2127"]
[BlackElo "2045"]
[WhiteTeam "Slovenia"]
[BlackTeam "Italy"]
[WhiteFideId "14625520"]
[BlackFideId "2864083"]
[EventDate "2025.10.05"]

1. e4 c5 2. Nf3 Nc6 3. Bb5 d6 4. O-O Bd7 5. Re1 a6 6. Bf1 Bg4 7. h3 Bxf3 8. Qxf3
g6 9. c3 Bh6 10. Na3 Nf6 11. Nc2 O-O 12. d3 Bxc1 13. Raxc1 Rc8 14. g3 Qa5 15. a3
b5 16. Ne3 Qd8 17. h4 e6 18. Ng4 Nxg4 19. Qxg4 Qf6 20. f4 Kh8 21. Bg2 a5 22. Kh2
Rfd8 23. Rh1 h5 24. Qe2 Kg7 25. Rhf1 d5 26. Qf2 dxe4 27. dxe4 Qe7 28. f5 Ne5 29.
f6+ Kh7 30. fxe7 Ng4+ 31. Kg1 1-0

[Event "25th European Teams Women"]
[Site "Batumi GEO"]
[Date "2025.10.12"]
[Round "7.11"]
[Board "1"]
[White "Badelka, Olga"]
[Black "Rodshtein, Tereza"]
[Result "1-0"]
[WhiteTitle "IM"]
[BlackTitle "WGM"]
[WhiteElo "2377"]
[BlackElo "2219"]
[WhiteTeam "Austria"]
[BlackTeam "Czech Republic"]
[WhiteFideId "13509926"]
[BlackFideId "325449"]
[EventDate "2025.10.05"]

1. c4 c6 2. Nf3 d5 3. d4 Nf6 4. e3 Bf5 5. Nc3 e6 6. Nh4 Bg6 7. Bd2 Be7 8. Nxg6
hxg6 9. Qc2 Qc7 10. h3 Nbd7 11. cxd5 exd5 12. Be2 a6 13. Bf3 Qd6 14. Ne2 Rc8 15.
Rd1 O-O 16. O-O Bd8 17. g3 Re8 18. Nc3 Bc7 19. Rfe1 Nf8 20. e4 dxe4 21. Nxe4
Nxe4 22. Rxe4 Rcd8 23. Bf4 Qd7 24. Rxe8 Rxe8 25. Bxc7 Qxc7 26. d5 Nd7 27. Bg2 c5
28. d6 Qb6 29. h4 Re5 30. Qa4 Qd8 31. Bxb7 Re6 32. Qxa6 Nb8 33. Qd3 1-0

[Event "25th European Teams Women"]
[Site "Batumi GEO"]
[Date "2025.10.12"]
[Round "7.11"]
[Board "2"]
[White "Zelbova, Lada"]
[Black "Schloffer, Jasmin-Denise"]
[Result "0-1"]
[WhiteTitle "WFM"]
[BlackTitle "WIM"]
[WhiteElo "2169"]
[BlackElo "2186"]
[WhiteTeam "Czech Republic"]
[BlackTeam "Austria"]
[WhiteFideId "23717882"]
[BlackFideId "1631209"]
[EventDate "2025.10.05"]

1. d4 Nf6 2. c4 e6 3. g3 d5 4. Bg2 Bb4+ 5. Bd2 Bd6 6. Nf3 O-O 7. Qc2 c6 8. O-O
Ne4 9. Nc3 f5 10. Rab1 Nd7 11. b4 Ndf6 12. b5 Nxc3 13. Bxc3 cxb5 14. cxb5 Bd7
15. Bb4 Bxb4 16. Rxb4 Rc8 17. Qb2 Qa5 18. Rb3 Rfd8 19. Ne5 Be8 20. Nd3 Ne4 21.
Bxe4 dxe4 22. Nc5 Qb6 23. a4 Rb8 24. a5 Qd6 25. b6 a6 26. e3 e5 27. Rc3 exd4 28.
exd4 Bc6 29. Rfc1 Ra8 30. Nb3 Rf8 31. Rxc6 bxc6 32. b7 Rab8 33. Nc5 Rf7 34. Rc4
f4 35. Rb4 fxg3 36. hxg3 e3 37. f4 Qg6 38. Kh2 Qh5+ 39. Kg2 Qd5+ 40. Kg1 Qf3 41.
Qg2 Qd1+ 42. Qf1 e2 0-1

[Event "25th European Teams Women"]
[Site "Batumi GEO"]
[Date "2025.10.12"]
[Round "7.11"]
[Board "3"]
[White "Exler, Veronika"]
[Black "Worek, Joanna"]
[Result "0-1"]
[WhiteTitle "WIM"]
[BlackTitle "WGM"]
[WhiteElo "2180"]
[BlackElo "2209"]
[WhiteTeam "Austria"]
[BlackTeam "Czech Republic"]
[WhiteFideId "1620550"]
[BlackFideId "1118080"]
[EventDate "2025.10.05"]

1. d4 Nf6 2. c4 e6 3. Nf3 Bb4+ 4. Bd2 Qe7 5. g3 O-O 6. Bg2 Bxd2+ 7. Nbxd2 d6 8.
e4 e5 9. d5 a5 10. h3 Na6 11. O-O Nc5 12. Qc2 c6 13. Rfe1 g6 14. b3 Bd7 15. Bf1
Nh5 16. Qd1 Ng7 17. a3 cxd5 18. exd5 b6 19. b4 Na6 20. Qb3 h5 21. h4 Nf5 22. c5
bxc5 23. Bxa6 Rxa6 24. bxc5 dxc5 25. Rxe5 Qd8 26. Qc4 Qb6 27. Rb1 Qa7 28. Ree1
Nd6 29. Qf4 Bf5 30. Rbc1 Rc8 31. Ne5 Nb5 32. Nc6 Raxc6 33. dxc6 Nd4 34. Nf3 Ne6
35. Qd6 Rd8 36. c7 Rxd6 37. c8=Q+ Kg7 38. Qe8 Rd8 39. Qc6 Nd4 40. Nxd4 cxd4 41.
Qc5 Qa8 42. Qe5+ Kg8 43. Rcd1 d3 44. Rd2 a4 45. Kh2 Qc6 46. Red1 Qc4 47. Qf6 Qd5
48. Re1 Rb8 49. Re5 Qf3 50. Re3 Qg4 51. Re1 Qc4 52. Re7 Rf8 53. Qe5 Qc1 54. Qb2
Qf1 55. Re3 Rc8 56. Qf6 Bh3 57. f3 Bf5 58. g4 hxg4 59. Rg2 gxf3 0-1

[Event "25th European Teams Women"]
[Site "Batumi GEO"]
[Date "2025.10.12"]
[Round "7.11"]
[Board "4"]
[White "Lhotska, Anna"]
[Black "Deak-Sala, Emilia"]
[Result "1-0"]
[WhiteTitle "WFM"]
[BlackTitle "WFM"]
[WhiteElo "2165"]
[BlackElo "2170"]
[WhiteTeam "Czech Republic"]
[BlackTeam "Austria"]
[WhiteFideId "376183"]
[BlackFideId "795615"]
[EventDate "2025.10.05"]

1. e4 c5 2. Nf3 d6 3. d4 cxd4 4. Nxd4 Nf6 5. Nc3 Nc6 6. Bg5 e6 7. Qd2 a6 8.
O-O-O Bd7 9. f3 b5 10. a3 Nxd4 11. Qxd4 Rc8 12. Be3 Be7 13. g4 Bc6 14. g5 Nh5
15. Rg1 O-O 16. Kb1 e5 17. Qd2 Rb8 18. h4 a5 19. Nd5 Bxd5 20. Qxd5 b4 21. a4 Kh8
22. Bh3 Nf4 23. Bxf4 exf4 24. h5 Qb6 25. Qb3 Qc5 26. g6 fxg6 27. hxg6 h6 28. Rh1
Bf6 29. Rd5 Qe3 30. Rd3 Qb6 31. Be6 Be5 32. Qc4 Qf2 33. Qc7 1-0

[Event "25th European Teams Women"]
[Site "Batumi GEO"]
[Date "2025.10.12"]
[Round "7.12"]
[Board "1"]
[White "Injac, Teodora"]
[Black "Kirtadze, Anastasia"]
[Result "1/2-1/2"]
[WhiteTitle "IM"]
[BlackTitle "WFM"]
[WhiteElo "2436"]
[BlackElo "2303"]
[WhiteTeam "Serbia"]
[BlackTeam "Georgia 3"]
[WhiteFideId "932400"]
[BlackFideId "13622714"]
[EventDate "2025.10.05"]

1. d4 Nf6 2. Nf3 c5 3. d5 b5 4. Bg5 g6 5. Bxf6 exf6 6. e4 b4 7. Nbd2 Bg7 8. Nc4
d6 9. Bd3 O-O 10. O-O Bg4 11. a3 a5 12. Ra2 Bxf3 13. Qxf3 Nd7 14. axb4 cxb4 15.
Rfa1 Ne5 16. Qe3 Nxc4 17. Bxc4 Rc8 18. Qd3 Rc5 19. Bb5 Qc7 20. Bc6 Rb8 21. Ba4
Qb7 22. Bb3 Qb6 23. h4 Re8 24. g3 Re5 25. Kg2 f5 26. exf5 Rxf5 27. f4 h5 28. Re1
Bf6 29. Re8+ Kh7 30. Ra8 Bxh4 31. Qe4 Bf6 32. Qe8 Qc7 33. Qe4 Qb6 34. Qe8 Bg7
35. Qg8+ Kh6 36. Qb8 Qxb8 37. Rxb8 h4 38. Rd8 hxg3 39. Kxg3 Rf6 40. Ra1 Kh7 41.
Ra8 Bh6 42. Rf1 Kg7 43. Rf3 Rc7 44. Rxa5 Re7 45. Ra1 g5 46. fxg5 Rg6 47. Kf2
Bxg5 48. Rh1 Re4 49. Rf5 Bh4+ 50. Kf3 Rgg4 51. Rg1 Rxg1 52. Kxe4 Bf6 53. Kf3 Be5
54. Bc4 Kg6 55. Bd3 Kg7 56. b3 Bd4 57. Rf4 Bc5 58. Rg4+ Rxg4 59. Kxg4 Kf6 1/2-1/2

[Event "25th European Teams Women"]
[Site "Batumi GEO"]
[Date "2025.10.12"]
[Round "7.12"]
[Board "2"]
[White "Mgeladze, Kesaria"]
[Black "Pogorelskikh, Sofia"]
[Result "1/2-1/2"]
[WhiteTitle "WFM"]
[BlackTitle "WIM"]
[WhiteElo "2290"]
[BlackElo "2289"]
[WhiteTeam "Georgia 3"]
[BlackTeam "Serbia"]
[WhiteFideId "13621130"]
[BlackFideId "44164548"]
[EventDate "2025.10.05"]

1. e4 c5 2. Nf3 e6 3. d4 cxd4 4. Nxd4 Nf6 5. Nc3 Nc6 6. Nxc6 bxc6 7. e5 Nd5 8.
Ne4 Bb7 9. c4 Nb4 10. c5 Qb8 11. f4 Ba6 12. a3 Bxf1 13. Rxf1 Nd5 14. Rf3 Be7 15.
b3 f6 16. Bb2 O-O 17. exf6 Nxf6 18. Nxf6+ Bxf6 19. Bxf6 Rxf6 20. Qxd7 e5 21. Re3
exf4 22. Re7 Qf8 23. O-O-O f3 24. gxf3 Rg6 25. Rde1 Qf4+ 26. Kb1 h6 27. Qd3 Rg5
28. Re8+ Rxe8 29. Rxe8+ Kf7 30. Qd7+ Kg6 31. Qd6+ Qxd6 32. cxd6 Rd5 33. Rd8 Kg5
34. Rd7 g6 35. Rxa7 Rxd6 36. Kc2 Rf6 37. a4 Rxf3 38. a5 Rf2+ 39. Kb1 Rxh2 40.
Rc7 Rd2 41. a6 h5 42. Rxc6 h4 43. b4 Rd4 44. Rb6 Rd8 45. a7 Ra8 46. Rb7 h3 47.
Rh7 h2 48. Rxh2 Kf5 1/2-1/2

[Event "25th European Teams Women"]
[Site "Batumi GEO"]
[Date "2025.10.12"]
[Round "7.12"]
[Board "3"]
[White "Velikic, Adela"]
[Black "Donghvani, Nia"]
[Result "0-1"]
[WhiteTitle "WIM"]
[BlackTitle "WFM"]
[WhiteElo "2261"]
[BlackElo "2127"]
[WhiteTeam "Serbia"]
[BlackTeam "Georgia 3"]
[WhiteFideId "913553"]
[BlackFideId "13614649"]
[EventDate "2025.10.05"]

1. e4 c5 2. Nf3 d6 3. d4 cxd4 4. Nxd4 Nf6 5. Nc3 a6 6. Bd3 g6 7. f3 Bg7 8. Be3
O-O 9. Qd2 Nc6 10. O-O-O Ne5 11. g4 b5 12. g5 Nh5 13. Nce2 Bd7 14. Ng3 Nxd3+ 15.
Qxd3 Nxg3 16. hxg3 Qa5 17. Kb1 Rfc8 18. Rh2 Rc4 19. Rdh1 h5 20. gxh6 Bf6 21. Nb3
Qc7 22. Qd5 Rf8 23. Bg5 Be6 24. h7+ Kh8 25. Bxf6+ exf6 26. Qd2 Rc8 27. Rd1 d5
28. exd5 Rxc2 29. Qh6 Rxh2 30. Qxh2 Bf5+ 31. Ka1 a5 32. Qh4 Qe5 33. Qd4 a4 34.
Qxe5 fxe5 35. Na5 Kxh7 36. Nb7 Rb8 37. Nc5 Kg7 38. g4 Rc8 39. Rc1 Bd7 40. Kb1
Rd8 41. Nb7 Rc8 42. Nc5 Rd8 43. Nxd7 Rxd7 44. Rc5 Kf6 45. Kc2 Kg5 46. Kd3 Kf4
47. Ke2 e4 48. Rxb5 exf3+ 49. Kf2 Kxg4 50. Rb4+ Kf5 51. Rxa4 Rxd5 52. Kxf3 g5
53. b4 g4+ 54. Ke3 Re5+ 55. Kf2 Re4 56. Ra7 f6 57. b5 Rb4 58. a4 Kf4 59. Rc7
Rxa4 60. b6 Ra2+ 61. Kg1 Rb2 62. b7 f5 63. Kf1 g3 64. Rc4+ Kf3 65. Rc3+ Kg4 66.
Rc7 f4 67. Kg1 f3 68. Rg7+ Kf4 69. Rf7+ Ke4 70. Re7+ Kd5 71. Rd7+ Kc6 72. Rd1
Kxb7 73. Rf1 Rg2+ 74. Kh1 Rh2+ 0-1

[Event "25th European Teams Women"]
[Site "Batumi GEO"]
[Date "2025.10.12"]
[Round "7.12"]
[Board "4"]
[White "Tsetskhladze, Mariam"]
[Black "Mehmed, Elif"]
[Result "0-1"]
[WhiteTitle "WFM"]
[BlackTitle "WGM"]
[WhiteElo "1987"]
[BlackElo "2295"]
[WhiteTeam "Georgia 3"]
[BlackTeam "Serbia"]
[WhiteFideId "13623834"]
[BlackFideId "2921103"]
[EventDate "2025.10.05"]

1. e4 c5 2. Nf3 Nc6 3. d4 cxd4 4. Nxd4 Nf6 5. Nc3 d6 6. Bg5 e6 7. Qd2 a6 8.
O-O-O Bd7 9. f4 Be7 10. Nf3 b5 11. Bxf6 gxf6 12. f5 Qa5 13. Kb1 h5 14. Bd3 O-O-O
15. Rhe1 Kb7 16. Bf1 Bc8 17. Nd4 Nxd4 18. Qxd4 Qb6 19. Qd3 Ka7 20. Qh3 Bd7 21.
Ne2 Rc8 22. Qb3 a5 23. Nd4 Rc5 24. Qg3 e5 25. Qg7 Re8 26. Nb3 Rc7 27. Qxf7 a4
28. Nc1 a3 29. Qb3 axb2 30. Kxb2 Rec8 31. Bd3 d5 32. Qxd5 Be8 33. Kb1 Bb4 34.
Rf1 Qa5 35. a4 Bc6 36. Qa2 bxa4 37. c4 Rb8 38. Ne2 Ba3+ 39. Ka1 Bb2+ 40. Kb1 a3
41. Nc1 Qc3 42. Bc2 Bxc1+ 43. Kxc1 Rb2 0-1

[Event "25th European Teams Women"]
[Site "Batumi GEO"]
[Date "2025.10.12"]
[Round "7.13"]
[Board "1"]
[White "Efroimski, Marsel"]
[Black "Sucikova, Svetlana"]
[Result "1-0"]
[WhiteTitle "IM"]
[BlackTitle "WIM"]
[WhiteElo "2380"]
[BlackElo "2162"]
[WhiteTeam "Israel"]
[BlackTeam "Slovakia"]
[WhiteFideId "2810964"]
[BlackFideId "14923653"]
[EventDate "2025.10.05"]

1. e4 c6 2. d4 d5 3. e5 Bf5 4. Nf3 e6 5. Be2 Nd7 6. O-O a5 7. Nc3 b5 8. a4 b4 9.
Nb1 h6 10. Nbd2 Ne7 11. Nb3 Bh7 12. Bd2 Nf5 13. Bd3 Be7 14. g4 Nh4 15. Nxh4 Bxh4
16. Bxh7 Rxh7 17. f4 Qb6 18. c3 Be7 19. cxb4 axb4 20. Qc2 g6 21. f5 Nf8 22. f6
Bd8 23. Rfc1 Rc8 24. Qd3 Nd7 25. a5 Qa7 26. Kh1 h5 27. g5 h4 28. Bxb4 Rb8 29.
Bd6 Rxb3 30. Qxb3 Qxd4 31. Re1 Rh5 32. a6 Rxg5 33. Qe3 Qxe3 34. Rxe3 Nb6 35. a7
Na8 36. Rb3 Bb6 37. Rxb6 Nxb6 38. a8=Q+ Nxa8 39. Rxa8+ 1-0

[Event "25th European Teams Women"]
[Site "Batumi GEO"]
[Date "2025.10.12"]
[Round "7.13"]
[Board "2"]
[White "Nadzamova, Viktoria"]
[Black "Klinova, Masha"]
[Result "1-0"]
[WhiteTitle "WFM"]
[BlackTitle "IM"]
[WhiteElo "2126"]
[BlackElo "2235"]
[WhiteTeam "Slovakia"]
[BlackTeam "Israel"]
[WhiteFideId "14943999"]
[BlackFideId "2802015"]
[EventDate "2025.10.05"]

1. e4 d6 2. d4 Nf6 3. Nc3 g6 4. Be3 a6 5. h3 Bg7 6. f4 O-O 7. Qf3 Nfd7 8. O-O-O
c5 9. Nge2 cxd4 10. Bxd4 e5 11. Be3 Nc6 12. Nd5 exf4 13. Qxf4 Qa5 14. Nec3 Nce5
15. Qh4 b5 16. a3 Bb7 17. Bd2 Qd8 18. Bg5 f6 19. Be3 Rc8 20. Kb1 Rf7 21. Qg3 Nc5
22. h4 Bxd5 23. Bxc5 Rxc5 24. Nxd5 Qc8 25. h5 Rxc2 26. Qb3 Rc4 27. hxg6 hxg6 28.
Bxc4 bxc4 29. Qh3 Qxh3 30. Rxh3 Rb7 31. Rg3 Kf7 32. Kc2 a5 33. b3 f5 34. exf5
gxf5 35. bxc4 Nxc4 36. Rb1 Ra7 37. a4 Be5 38. Rh3 Ke6 39. Rd1 Rg7 40. Rh6+ Kd7
41. Kb3 Nb2 42. Rc1 Rg3+ 43. Ka2 Nxa4 44. Rc7+ Kd8 45. Rhh7 Nc3+ 46. Nxc3 Rxc3
47. Ra7 f4 48. Rxa5 Rc8 49. Raa7 Ke8 50. Rhc7 Rb8 51. Rab7 Ra8+ 52. Kb3 Kf8 53.
Rf7+ Kg8 54. Kc4 Ra2 55. Rfd7 Ra8 56. Kd5 Rf8 57. Ke4 Kh8 58. Rf7 Ra8 59. Kf5
Kg8 60. Kg6 Re8 61. Rbe7 Ra8 62. Ra7 Rc8 63. Ra6 Re8 64. Rfa7 Re6+ 65. Kf5 Re8
66. Ra8 Rxa8 67. Rxa8+ Kf7 68. Ra7+ Kf8 69. Ke6 Kg8 70. Rd7 Kf8 71. Rxd6 Bxd6
72. Kxd6 Kf7 73. Ke5 Kg6 74. Kxf4 Kf6 75. Kg4 Kg6 76. g3 Kf7 77. Kf5 Kg7 78. Kg5
Kh7 79. Kf6 Kg8 80. g4 Kh7 81. g5 Kg8 82. Kg6 1-0

[Event "25th European Teams Women"]
[Site "Batumi GEO"]
[Date "2025.10.12"]
[Round "7.13"]
[Board "3"]
[White "Orian, Noga"]
[Black "Bochnickova, Simona"]
[Result "0-1"]
[WhiteTitle "WIM"]
[BlackTitle "WFM"]
[WhiteElo "2235"]
[BlackElo "2102"]
[WhiteTeam "Israel"]
[BlackTeam "Slovakia"]
[WhiteFideId "2836475"]
[BlackFideId "14958562"]
[EventDate "2025.10.05"]

1. d4 Nf6 2. c4 e6 3. g3 c5 4. d5 exd5 5. cxd5 d6 6. Bg2 g6 7. Nf3 Bg7 8. a4 O-O
9. Nfd2 Re8 10. Nc4 Na6 11. Nba3 Nb4 12. Bf4 Bf8 13. Nb5 Bf5 14. O-O Bc2 15. Qd2
Ne4 16. Qc1 Bb3 17. Ra3 Na2 18. Qb1 Bxc4 19. Bxe4 Nb4 20. Nc3 Bg7 21. Rd1 f5 22.
Bf3 g5 23. Qxf5 gxf4 24. Qxf4 Ba6 25. Ne4 Rf8 26. Qg4 Nc2 27. Rc3 Nd4 28. Ng5
Nxe2+ 29. Kg2 Nxc3 30. bxc3 Qf6 31. Re1 Rae8 32. Nxh7 Qxf3+ 33. Qxf3 Rxe1 34.
Nf6+ Rxf6 0-1

[Event "25th European Teams Women"]
[Site "Batumi GEO"]
[Date "2025.10.12"]
[Round "7.13"]
[Board "4"]
[White "Sevcikova, Lucia"]
[Black "Tashkinova, Sofiia"]
[Result "1/2-1/2"]
[WhiteTitle "WFM"]
[BlackTitle "WFM"]
[WhiteElo "2116"]
[BlackElo "2036"]
[WhiteTeam "Slovakia"]
[BlackTeam "Israel"]
[WhiteFideId "14940744"]
[BlackFideId "14188309"]
[EventDate "2025.10.05"]

1. c4 e5 2. Nc3 Nc6 3. g3 f5 4. Bg2 Nf6 5. d3 d6 6. e3 g6 7. Nge2 Bg7 8. O-O O-O
9. Rb1 a5 10. a3 Be6 11. Nd5 Qd7 12. Nec3 Qf7 13. b4 axb4 14. axb4 g5 15. b5 Nd8
16. Nxf6+ Bxf6 17. Nd5 Bg7 18. f4 exf4 19. exf4 c6 20. bxc6 bxc6 21. Nb4 Rb8 22.
Be3 gxf4 23. Bxf4 Qd7 24. Qf3 Bd4+ 25. Kh1 Rc8 26. Rfe1 Bc3 27. Red1 Bd4 28. Nc2
Bg7 29. Ne3 Bf7 30. d4 Ne6 31. d5 cxd5 32. Nxd5 Nxf4 33. Qxf4 Rc5 34. Rb7 Qa4
35. Ne7+ Kh8 36. Qxd6 Re5 37. Bc6 Qxc4 38. Rb8 Rxe7 39. Rxf8+ Bxf8 40. Qf6+ Kg8
41. Qg5+ Kh8 42. Qf6+ Bg7 43. Qxe7 Qxc6+ 44. Kg1 Qb6+ 45. Kg2 Qb2+ 46. Kh3 Bg8
47. Qe8 Bf6 48. Qf8 f4 49. Rf1 Bg7 50. Qe8 fxg3 51. hxg3 Qa2 52. Re1 Qf2 53. Re2
Qf1+ 54. Kh2 Bd4 55. Rg2 Qf6 56. Re2 Qh6+ 57. Kg2 Qc1 58. Re1 Qd2+ 59. Re2 Qg5
60. Kh2 Bf6 61. Re4 h5 62. Re2 Kg7 63. Qd7+ Bf7 64. Qd2 Qg4 65. Rg2 Be6 66. Qf4
Qh3+ 67. Kg1 Bf7 68. Rf2 Qe6 69. Kh2 Be8 70. Qf5 Qd6 71. Qf4 Qe7 72. Qf3 Bg6 73.
Re2 Qd6 74. Qf4 Qc5 75. Qe3 Qb5 76. Qa7+ Bf7 77. Rf2 Qc4 78. Qd7 Qe4 79. Qf5 Qd4
80. Qf4 Qa1 81. Rf1 Qa6 82. Rf2 Qc6 83. Qf3 Qd6 84. Qf4 Qxf4 85. Rxf4 Kg6 86.
Ra4 Be5 87. Re4 Kf5 88. Ra4 Bb3 89. Rb4 Bd5 90. Ra4 Bc6 91. Rc4 Bb5 92. Rb4 Bf1
93. Ra4 Bd6 94. Rd4 Ke5 95. Ra4 Bc5 96. Ra1 Bd3 97. Ra4 Bg6 98. Kh3 Bd4 99. g4
hxg4+ 100. Kxg4 Bf5+ 101. Kg3 Be4 102. Rxd4 Kxd4 1/2-1/2

[Event "25th European Teams Women"]
[Site "Batumi GEO"]
[Date "2025.10.12"]
[Round "7.14"]
[Board "1"]
[White "Muetsch, Annmarie"]
[Black "Pipiras, Filipa Fortuna"]
[Result "0-1"]
[WhiteTitle "WIM"]
[BlackTitle "FM"]
[WhiteElo "2264"]
[BlackElo "2273"]
[WhiteTeam "Belgium"]
[BlackTeam "Portugal"]
[WhiteFideId "12971367"]
[BlackFideId "1944894"]
[EventDate "2025.10.05"]

1. e4 c6 2. d4 d5 3. e5 Bf5 4. h4 h5 5. c4 e6 6. Nc3 dxc4 7. Bxc4 Nd7 8. Nge2
Be7 9. Ng3 Bg6 10. Nce4 Nb6 11. Be2 Qd7 12. a4 O-O-O 13. a5 Nd5 14. O-O Bxh4 15.
Nd6+ Kb8 16. Nge4 Bxe4 17. Nxe4 Be7 18. b4 f5 19. Nc5 Bxc5 20. bxc5 f4 21. a6 b6
22. cxb6 axb6 23. a7+ Ka8 24. Qb3 Nge7 25. Ra6 Nf5 26. Rd1 Qb7 27. Ra2 g5 28.
Ba6 Qd7 29. Bc4 b5 30. Bf1 g4 31. Rc2 h4 32. Rc5 g3 33. Bxb5 gxf2+ 34. Kxf2 cxb5
35. Rxb5 Nc7 36. Qf3+ Nd5 37. Qb3 Qg7 38. Bxf4 Qxa7 39. Qb2 Nxf4 40. Ke1 Nxd4 0-1

[Event "25th European Teams Women"]
[Site "Batumi GEO"]
[Date "2025.10.12"]
[Round "7.14"]
[Board "2"]
[White "Silva, Mariana"]
[Black "De Rycke, Tyani"]
[Result "0-1"]
[WhiteTitle "WFM"]
[BlackTitle "WFM"]
[WhiteElo "2090"]
[BlackElo "2114"]
[WhiteTeam "Portugal"]
[BlackTeam "Belgium"]
[WhiteFideId "1911899"]
[BlackFideId "247936"]
[EventDate "2025.10.05"]

1. d4 Nf6 2. c4 g6 3. Nc3 Bg7 4. Nf3 O-O 5. g3 d6 6. Bg2 Nbd7 7. O-O e5 8. e4
exd4 9. Nxd4 Nc5 10. h3 Re8 11. Re1 h6 12. f3 Nfd7 13. Be3 Nb6 14. b3 a5 15. Qc2
a4 16. Rad1 Bd7 17. Kh2 axb3 18. axb3 Na6 19. Qd2 Kh7 20. Ndb5 Bxb5 21. Nxb5 Nd7
22. f4 Ndc5 23. e5 dxe5 24. Qf2 Nd3 25. Qf1 e4 26. Bxe4 Rxe4 27. Rxd3 Qe7 28.
Bd2 Nc5 29. Rxe4 Qxe4 30. Re3 Qc2 31. Re2 Ra2 32. b4 Nb3 33. Nxc7 Qxc4 34. Qd1
Nxd2 0-1